• 首页
  • 本馆介绍
  • 公告通知
  • 最新文献
  • 馆藏检索
  • 电子资源
  • 读者导购
  • 参考咨询
  • 我的图书馆
  • 登录
  • 详细信息显示
  • 放入我的书架
  • 预约/预借图书
  • 作者相关作品
  • 分类相关作品
  • 丛书相关作品
  • 出版社相关作品

书目信息

  • 表格格式
  • 工作单格式
  • 卡片格式
题名:
维修电工技能训练
    
 
作者: 王纳林 主编
分册:  
出版信息: 北京   机械工业出版社  2011.12
页数: 217页
开本: 26cm
丛书名:
单 册:
中图分类: TM07
科图分类:
主题词: 电工--维修--高等职业教育--教材
电子资源:
ISBN: 978-7-111-36339-2
000 00917nam0 2200229 450
001 5163
005 20181014131505.64
010    @a978-7-111-36339-2@dCNY34.90
100    @a20120317d2011 em y0chiy50 ea
101 0  @achi
102    @aCN@b110000
105    @ay z 000yy
200 1  @a维修电工技能训练@9wei xiu dian gong ji neng xun lian@f王纳林主编
210    @a北京@c机械工业出版社@d2011.12
215    @a217页@c图表@d26cm
300    @a高职高专机电类专业规划教材
330    @a全书共分为七大项目:常用低压电器的识别、拆装及检修技能训练;电动机控制电路的设计、调试与检修技能训练;PLC控制电动机电路的设计与调试技能训练;变频器控制电动机电路的设计与调试技能训练;触摸屏组态控制电动机电路调试技能训练;电气控制柜的设计、安装、调试与检修技能训练。
606 0  @a电工@x维修@x高等职业教育@j教材
690    @aTM07@v5
701  0 @a王纳林@9wang na lin@4主编
801  0 @aCN@b91MARC@c20130904
905    @aMuseLib@dTM07@e34
    
    维修电工技能训练/王纳林主编.-北京:机械工业出版社,2011.12
    217页:图表;26cm
    高职高专机电类专业规划教材
    
    ISBN 978-7-111-36339-2:CNY34.90
    全书共分为七大项目:常用低压电器的识别、拆装及检修技能训练;电动机控制电路的设计、调试与检修技能训练;PLC控制电动机电路的设计与调试技能训练;变频器控制电动机电路的设计与调试技能训练;触摸屏组态控制电动机电路调试技能训练;电气控制柜的设计、安装、调试与检修技能训练。
●
相关链接 在E读中查询图书 在五车中查询图书 在当当中查询图书 在豆瓣中查询图书


正题名:维修电工技能训练     索取号:TM07/34         预约/预借

序号 登录号 条形码 馆藏地/架位号 状态 备注
1 1128404   211284046   第二样本阅览室/ [索取号:TM07/34] 在馆    
2 1128405   211284055   第三借阅区/ [索取号:TM07/34] 在馆    
3 1128406   211284064   第三借阅区/ [索取号:TM07/34] 在馆    
4 1128407   211284073   第三借阅区/ [索取号:TM07/34] 在馆    
5 1128408   211284082   密集书库-物理学院/ [索取号:TM07/34] 在馆    
唐山师范学院图书馆 欢迎您!
大连网信软件有限公司© 版权所有